000 003920000a22001570004500
020 _a84-226-1235-6
041 0 _aSPA
082 0 4 _aG 834 N962j
100 1 _aNubbaumer, Heinz
245 1 0 _aJomeini / Heinz Nussbaumer; Luis Ogg, Traductor
260 _aBogotá, Colombia : Círculo de Lectores
300 _a190 Pag
500 _aTítulo original : Khomeini
001 10955
942 _cBK
999 _c40341
_d40341